000 00469nam a2200133Ia 4500
008 100204s9999 xx 000 0 und d
082 _b10509
100 _aदेशपांडे कृ. पं.
245 _aमातृकथा भाग 6 वा
260 _b"अतुल बुक एजन्सी, पुणे 30"
630 _aमातृकथा भाग 6 वा
730 _aमातृकथा भाग 6 वा
942 _cBOOK
999 _c454945
_d454942